00205nam a2200073Ia 4500008004100000082000800041100001500049245006700064240331s9999 xx 000 0 und d bNUH aNuhman,M.A 0aSri Lanka muslims :bethnic identity within cultural diversity